000 00722nam a2200229 a 4500
001 000013259
003 DO-SdBNP
005 20210511093741.0
008 091123s2003 dr a 000 f spa d
020 _a1932271082
040 _aDO-SdBNP
_bspa
_cBNPHU
082 4 _aPR863.44
_bV297s
_222
100 1 _aVargas Morales, Tomás Luis,
_d1952-
_930460
245 1 0 _aSeñal de primavera :
_b(novela testimonial de vieques) /
_cTomás Luis Vargas Morales.
260 _aSanto Domingo :
_bIsla negra,
_c2003.
300 _a266 p.
590 _aInventariado, 2020/VM
650 4 _aNovela puertorriqueña
_91185
650 4 _aLiteratura puertorriqueña
_9250
910 _aValidado. Control de calidad MFF
942 _2ddc
_cLBS1
999 _c12890
_d12890